Neighborhoods of St. Louis - Statistics

General Stats
  • This quiz has been taken 143 times
  • The average score is 20 of 79
Answer Stats
Answer % Correct
The Hill
81%
Downtown
70%
Soulard
65%
Central West End
62%
Tower Grove South
57%
Tower Grove East
51%
Midtown
49%
Benton Park
45%
St. Louis Hills
44%
Dutchtown
40%
Carondelet
39%
Holly Hills
35%
JeffVanderLou
35%
Lafayette Square
35%
Shaw
35%
Old North St. Louis
34%
Bevo Mill
32%
The Ville
32%
Benton Park West
31%
Covenant Blue Grand Center
31%
West End
31%
Fox Park
30%
Downtown West
27%
Princeton Heights
27%
Forest Park Southeast
26%
Lindenwood Park
26%
The Greater Ville
26%
North Hampton
25%
Gravois Park
23%
Skinker DeBaliviere
23%
Southampton
23%
Baden
22%
DeBaliviere Place
22%
O'Fallon
22%
Riverview
22%
Vandeventer
22%
Wells Goodfellow
22%
Academy
21%
Botanical Heights
21%
Carr Square
21%
Fairground
21%
LaSalle Park
21%
Compton Heights
19%
Tiffany
19%
Boulevard Heights
18%
Clayton Tamm
18%
Hi Pointe
18%
Hyde Park
18%
Near North Riverfront
18%
College Hill
17%
Columbus Square
17%
Hamilton Heights
17%
Marine Villa
17%
McKinley Heights
17%
Penrose
17%
Kingsway East
16%
Kingsway West
16%
Mark Twain
16%
Mark Twain I-70 Industrial
16%
Patch
16%
Peabody Darst Webbe
16%
Southwest Garden
16%
St. Louis Place
16%
The Gate District
16%
Ellendale
14%
Franz Park
14%
Mount Pleasant
14%
North Riverfront
14%
Visitation Park
14%
Wydown Skinker
14%
Kosciusko
13%
Walnut Park East
13%
Clifton Heights
12%
Lewis Place
12%
Walnut Park West
12%
North Point
10%
Cheltenham
9%
Fountain Park
9%
Kings Oak
8%
No matching quizzes found
Score Distribution
Percent of People with Each Score
Percentile by Number Answered
Your Score History
You have not taken this quiz